01080nam a2200301Ia 4500001001200000003000800012006001900020007001500039008004100054020001800095020001800113040002100131035002100152050002200173100002100195245009400216250001200310260002700322300001000349504004100359533015200400650001400552650002300566655002900589710001700618856012600635999001700761ebr10572358CaPaEBRm u cr cn|||||||||120705s2011 it sb 000 0 eng d z9788897419044 z9788897419099 aCaPaEBRcCaPaEBR a(OCoLC)77356523014aRC69b.G35 2011eb1 aGallo, Vittorio.10aUnusual signs and symptoms in internal medicineh[electronic resource] /cVittorio Gallo. a1st ed. aTorino :bSEEd,c2011. a53 p. aIncludes bibliographical references. aElectronic reproduction.bPalo Alto, Calif. :cebrary,d2011.nAvailable via World Wide Web.nAccess may be limited to ebrary affiliated libraries. 0aSymptoms. 0aInternal medicine. 7aElectronic books.2local2 aebrary, Inc.40uhttp://site.ebrary.com/lib/rucke/Doc?id=10572358zAn electronic book accessible through the World Wide Web; click to view c80889d80889